MARC

Tag First Indicator Second Indicator Subfields
LEADER 00000cam a2200000 a 4500
001 in00001191908
005 20151002062534.0
007 hd afv---baca
008 891020s1863 ncu a f000 0 eng d
035 |a (OCoLC)20515827 
035 |9 AGJ6384AM 
040 |a FEI  |c FEI  |d UtOrBLW 
043 |a n-usu-- 
049 |a TXAI 
090 |a E487  |b .C66 1974 reel 16 no. 973 
099 |a Film   |a  B 1664  |a reel 16, no. 973. 
110 1 |a Confederate States of America.  |b Surgeon-General's Office. 
245 1 0 |a Circular. 
264 1 |a [Raleigh, N.C.] :  |b [publisher not identified],  |c [1863] 
300 |a 1 broadside ;  |c 12 x 20 cm. 
336 |a text  |b txt  |2 rdacontent 
337 |a microform  |b h  |2 rdamedia 
338 |a microfilm reel  |b hd  |2 rdacarrier 
500 |a "Office Medical Director, General Hospitals N. Ca., Raleigh, Sept. 7th, 1863." 
500 |a Caption title. 
500 |a Signed: S.P. Moore, E.N. Covey. 
500 |a Filmed from the holdings of the Library of the University of North Carolina. 
533 |a Microfilm.  |b New Haven, Conn. :  |c Research Publications,  |d [1974].  |e On reel 16 of 143 microfilm reels ; 35 mm.  |f (Confederate imprints, 1861-1865 ; reel 16, no. 973). 
539 |a s  |b 1974  |d ctu  |e n 
500 |a Microform. 
610 1 0 |a Confederate States of America.  |b Army  |x Medical personnel. 
610 1 0 |a Confederate States of America.  |b Army.  |b Medical Department. 
610 1 0 |a Confederate States of America.  |b Army  |x Pay, allowances, etc. 
700 1 |a Moore, Samuel Preston,  |d 1813-1889. 
700 1 |a Covey, E. N. 
830 0 |a Confederate imprints, 1861-1865 ;  |v reel 16, no. 973. 
999 |a MARS 
999 f f |s 80f98846-e1b3-3d2d-9cb0-8fb27c928451  |i b511afa1-3122-36a2-b4e3-c4372437bed5  |t 0 
952 f f |p default  |a Texas A&M University  |b College Station  |c Sterling C. Evans Library  |d Evans: Microforms (3rd floor)  |t 0  |e Film B 1664 reel 16, no. 973.  |h Other scheme  |i microform -- microfilm reel 
998 f f |a Film B 1664 reel 16, no. 973.  |t 0  |l Evans: Microforms (3rd floor)